000 00365nam a2200133Ia 4500
008 240624s9999 xx 000 0 und d
041 _aeng
082 _a338.9 GRA
100 _aGRABOWSKI RICHARD
245 _aECONOMIC DEVELOPMENT A REGIONAL INSTITUT
260 _c2007
_aNew Delhi
_bPrentice-Hall of India
300 _axii, : 320 : p. : cm. ; 24
365 _cRS
_b36
999 _c7883
_d7883